|
|
|
|
| LEADER |
00000nam0a2200000 4500 |
| 001 |
119665 |
| 005 |
20231101215543.0 |
| 035 |
|
|
|a (RuTPU)RU\TPU\book\129530
|
| 090 |
|
|
|a 119665
|
| 100 |
|
|
|a 20070726d1961 m y0rusy50 ca
|
| 101 |
0 |
|
|a rus
|
| 102 |
|
|
|a RU
|
| 105 |
|
|
|a a z 001zy
|
| 200 |
1 |
|
|a Производство контактной серной кислоты за рубежом
|e обзор иностранных каталогов
|f Е. В. Яшке
|g Научный институт по удобрениям и инсектофунгисидам им. Я. В. Самойлова
|
| 210 |
|
|
|a Москва
|c Лаборатория научно-технической информации
|d 1961
|
| 215 |
|
|
|a 46 с.
|c ил.
|
| 320 |
|
|
|a Библиография в конце книги.
|
| 610 |
1 |
|
|a сернокислотное производство
|
| 610 |
1 |
|
|a контактный способ
|
| 610 |
1 |
|
|a серная кислота
|
| 610 |
1 |
|
|a обзоры
|
| 675 |
|
|
|a 661.25
|v 3
|
| 700 |
|
1 |
|a Яшке
|b Е. В.
|
| 712 |
0 |
2 |
|a Научный институт по удобрениям и инсектофунгисидам им. Я. В. Самойлова
|2 stltpush
|3 (RuTPU)RU\TPU\col\8506
|9 24539
|
| 801 |
|
1 |
|a RU
|b 63413507
|c 20070726
|g PSBO
|
| 801 |
|
2 |
|a RU
|b 63413507
|c 20080610
|g PSBO
|
| 942 |
|
|
|c BK
|